<?xml version="1.0" encoding="UTF-8"?><?xml-stylesheet type="text/xsl" href="static/style.xsl"?><OAI-PMH xmlns="http://www.openarchives.org/OAI/2.0/" xmlns:xsi="http://www.w3.org/2001/XMLSchema-instance" xsi:schemaLocation="http://www.openarchives.org/OAI/2.0/ http://www.openarchives.org/OAI/2.0/OAI-PMH.xsd"><responseDate>2026-04-13T03:04:58Z</responseDate><request verb="GetRecord" identifier="oai:www.recercat.cat:10459.1/83924" metadataPrefix="marc">https://recercat.cat/oai/request</request><GetRecord><record><header><identifier>oai:recercat.cat:10459.1/83924</identifier><datestamp>2024-12-04T13:04:26Z</datestamp><setSpec>com_2072_3622</setSpec><setSpec>col_2072_478537</setSpec></header><metadata><record xmlns="http://www.loc.gov/MARC21/slim" xmlns:dcterms="http://purl.org/dc/terms/" xmlns:xsi="http://www.w3.org/2001/XMLSchema-instance" xmlns:doc="http://www.lyncode.com/xoai" xsi:schemaLocation="http://www.loc.gov/MARC21/slim http://www.loc.gov/standards/marcxml/schema/MARC21slim.xsd">
   <leader>00925njm 22002777a 4500</leader>
   <datafield ind2=" " ind1=" " tag="042">
      <subfield code="a">dc</subfield>
   </datafield>
   <datafield ind2=" " ind1=" " tag="720">
      <subfield code="a">Clavera Poza, Alejandro</subfield>
      <subfield code="e">author</subfield>
   </datafield>
   <datafield ind2=" " ind1=" " tag="260">
      <subfield code="c">2022-10-10T08:31:30Z</subfield>
   </datafield>
   <datafield ind2=" " ind1=" " tag="260">
      <subfield code="c">2022-10-10T08:31:30Z</subfield>
   </datafield>
   <datafield ind2=" " ind1=" " tag="260">
      <subfield code="c">2022-09</subfield>
   </datafield>
   <datafield ind2=" " ind1=" " tag="520">
      <subfield code="a">El objetivo del trabajo es la implementaci\'on de una soluci\'on de Inteligencia Artificial capaz&#xd;
de predecir acumulaciones de fechas de salida venideras de una serie de art\'{\i}culos. De tal&#xd;
forma que la empresa colaboradora pueda planificar la producci\'on de los mismos con el fin&#xd;
de garantizar su disponibilidad en periodo concreto.&#xd;
La empresa necesita optimizar la cantidad de productos fabricados para reducir al m\'aximo&#xd;
los costes de producci\'on, y esto puede lograrse no destinando recursos a art\'{\i}culos que no&#xd;
son necesarios. Por ello es importante contextualizar el domino en que se trabaja, as\'{\i} como&#xd;
extraer la mayor cantidad de informaci\'on de los datos que la empresa en su experiencia de&#xd;
producci\'on ya ha obtenido, y que servir\'a para entender mejor el problema y poder escoger&#xd;
el modelo que mas se ajuste a la resoluci\'on del mismo.&#xd;
Debido al gran n\'umero de art\'{\i}culos a modelar ser\'a necesario el dise\~no de un procedimiento&#xd;
que permita seleccionar que art\'{\i}culos son v\'alidos para el modelaje, adem\'as de la reducci\'on&#xd;
del n\'umero de modelos utilizados, puesto que el ajuste individual de un modelo para cada&#xd;
articulo puede llegar a ser costoso y poco escalable.</subfield>
   </datafield>
   <datafield ind1="8" ind2=" " tag="024">
      <subfield code="a">http://hdl.handle.net/10459.1/83924</subfield>
   </datafield>
   <datafield tag="653" ind2=" " ind1=" ">
      <subfield code="a">Machine learning</subfield>
   </datafield>
   <datafield tag="653" ind2=" " ind1=" ">
      <subfield code="a">Inteligencia artificial</subfield>
   </datafield>
   <datafield tag="653" ind2=" " ind1=" ">
      <subfield code="a">Aprenentatge automàtic</subfield>
   </datafield>
   <datafield tag="653" ind2=" " ind1=" ">
      <subfield code="a">Intel·ligència artificial</subfield>
   </datafield>
   <datafield ind2="0" ind1="0" tag="245">
      <subfield code="a">Uso de técnicas de machine learning para la predicción de fechas de expedición de un conjunto de artículos</subfield>
   </datafield>
</record></metadata></record></GetRecord></OAI-PMH>